| 000 | 00475nam a2200157 i 4500 | ||
|---|---|---|---|
| 001 | 130334 | ||
| 003 | ES-MaACL | ||
| 005 | 20230906193718.0 | ||
| 007 | t| | ||
| 008 | 070725s1967 sp ||||1| spa d | ||
| 100 | 1 |
_aZamanillo González-Camino, Matilde. _9117892 |
|
| 245 | 1 | 0 |
_aAmistad marina _b: poemas / _cMatilde Zamanillo G. Camino. |
| 260 |
_aSantander : _b[s.n.], _c1967 ( _fTip. Casas Cuevas) |
||
| 300 |
_a114 p. ; _c22 cm. |
||
| 852 |
_aES-MaACL _jC-35566 _bR.65333 |
||
| 999 |
_c130334 _d130334 |
||